[Event "Titled Tue 7th Nov Early"]
[Site "chess.com INT"]
[Date "2023.11.07"]
[Round "9"]
[White "Le, Quang Liem"]
[Black "Melkumyan, H."]
[Result "1-0"]
[WhiteElo "2731"]
[BlackElo "2650"]
[PlyCount "73"]
[EventDate "2023.11.07"]

1. Nf3 d5 2. e3 Nf6 3. c4 e6 4. b3 c5 5. Bb2 Nc6 6. cxd5 exd5 7. Bb5 Bd7 8. O-O Be7 9. d4 cxd4 10. Nxd4 ({RR} 10. Bxc6 bxc6 11. exd4 Bf5 12. Ne5 Rc8 13. Nc3 O-O 14. Na4 Nd7 15. Nd3 Bd6 16. Rc1 Re8 17. Re1 Rxe1+ 18. Nxe1 Qh4 19. Nf3 Qh5 20. Ne5 Qxd1+ 21. Rxd1 Nxe5 22. dxe5 Bf8 23. f3 Be6 24. Rc1 c5 {Lopez Martinez,J (2607)-Pavasovic,D (2548) Heraklion 2017 ½-½ (34)}) ({RR} 10. Bxc6 bxc6 11. exd4 Bf5 12. Ne5 Rc8 13. Nc3 O-O 14. Na4 Nd7 15. Nd3 Bd6 16. Rc1 Re8 17. Re1 Rxe1+ 18. Nxe1 Qh4 19. Nf3 Qh5 20. Ne5 Qxd1+ 21. Rxd1 Nxe5 22. dxe5 Bf8 23. f3 Be6 24. Rc1 c5 {Lopez Martinez,J (2607)-Pavasovic,D (2548) Heraklion 2017 ½-½ (34)}) 10... O-O 11. Nc3 Ne5 ({RR} 11... Bd6 12. Be2 Qe7 13. Rc1 Rad8 14. Nf3 Ne5 15. Nxd5 Nxd5 16. Bxe5 Bxe5 17. Qxd5 Bg4 18. Qc4 Bxf3 19. Bxf3 b6 20. Rfd1 Bb2 21. Rb1 Be5 22. Bd5 Kh8 23. g3 f5 24. Kg2 Rc8 25. Qe2 Bd6 26. Bf3 {Afanasiev,N (2536)-Kornienko,K (2402) Moscow RUS 2026 1-0 (51)}) ({RR} 11... Bd6 12. Be2 Qe7 13. Rc1 Rad8 14. Nf3 Ne5 15. Nxd5 Nxd5 16. Bxe5 Bxe5 17. Qxd5 Bg4 18. Qc4 Bxf3 19. Bxf3 b6 20. Rfd1 Bb2 21. Rb1 Be5 22. Bd5 Kh8 23. g3 f5 24. Kg2 Rc8 25. Qe2 Bd6 26. Bf3 {Afanasiev,N (2536)-Kornienko,K (2402) Moscow RUS 2026 1-0 (51)}) 12. Rc1 $146 ({RR} 12. Be2 Rc8 13. h3 a6 14. Nf3 Nxf3+ 15. Bxf3 Bc6 16. Qd4 Qa5 17. a3 Bc5 18. Qh4 Qb6 19. b4 d4 20. Nd1 Be7 21. Bxd4 Qd8 22. Bxc6 Rxc6 23. Qg3 Qc8 24. Nb2 Qf5 25. Rfd1 h5 26. Nd3 h4 {Mihok,O (2549)-Kokeny,G (2204) Ajka 2022 1-0}) ({RR} 12. Be2 Rc8 13. h3 a6 14. Nf3 Nxf3+ 15. Bxf3 Bc6 16. Qd4 Qa5 17. a3 Bc5 18. Qh4 Qb6 19. b4 d4 20. Nd1 Be7 21. Bxd4 Qd8 22. Bxc6 Rxc6 23. Qg3 Qc8 24. Nb2 Qf5 25. Rfd1 h5 26. Nd3 h4 {Mihok,O (2549)-Kokeny,G (2204) Ajka 2022 1-0}) 12... a6 13. Bxd7 Qxd7 14. Na4 Rac8 15. Rxc8 Qxc8 16. Qb1 Re8 17. Rc1 Qd8 18. Qf5 Bd6 19. h3 Ne4 20. Qh5 Nd3 21. Rc2 b5 22. Nc3 Re5 23. Qe2 Ndxf2 24. Nxe4 Nxe4 25. Nc6 Ng3 26. Qf3 Rxe3 27. Qxe3 Qd7 28. Ne5 Qf5 29. Qd3 Ne4 30. Nf3 h6 31. Bd4 f6 32. Rc6 Bf4 33. Rxa6 Qg6 34. Ra8+ Kh7 35. Be3 Bd6 36. Qxd5 Bg3 37. Qg8# 1-0

[Event "Titled Tue 7th Nov Early"]
[Site "chess.com INT"]
[Date "2023.11.07"]
[Round "10"]
[White "Nyzhnyk, I."]
[Black "Duda, J."]
[Result "1/2-1/2"]
[WhiteElo "2611"]
[BlackElo "2731"]
[PlyCount "113"]
[EventDate "2023.11.07"]

1. c4 e6 2. Nf3 d5 3. e3 Nf6 4. Nc3 Be7 5. b3 O-O 6. Bb2 c5 7. cxd5 exd5 8. d4 Nc6 9. Be2 Ne4 10. O-O cxd4 11. Nxe4 dxe4 12. Nxd4 Nxd4 13. Qxd4 Qxd4 14. Bxd4 Be6 15. Rac1 Rac8 16. Bb2 f5 17. Rxc8 Rxc8 18. Rc1 Rxc1+ 19. Bxc1 Bf6 20. Kf1 $146 ({RR} 20. Ba3 Kf7 21. Kf1 Bc3 22. Bc5 a6 23. Bc4 Bxc4+ 24. bxc4 g6 25. Ke2 h5 26. h3 Ke6 27. f3 Kd7 28. fxe4 fxe4 29. Bd4 Bb4 30. g4 Kc6 31. Kf2 Bd6 32. a4 Kd7 33. Kg2 Ke6 34. Kf2 Kf7 {Becker,S-Ufen,S Ratzeburg 1997 ½-½ (60)}) ({RR} 20. Ba3 Kf7 21. Kf1 Bc3 22. Bc5 a6 23. Bc4 Bxc4+ 24. bxc4 g6 25. Ke2 h5 26. h3 Ke6 27. f3 Kd7 28. fxe4 fxe4 29. Bd4 Bb4 30. g4 Kc6 31. Kf2 Bd6 32. a4 Kd7 33. Kg2 Ke6 34. Kf2 Kf7 {Becker,S-Ufen,S Ratzeburg 1997 ½-½ (60)}) 20... Kf7 21. Ke1 Be5 22. g3 g5 23. Kd2 f4 24. Kc2 f3 25. Bf1 h5 26. Bb2 Bd6 27. Bd4 a6 28. Kc3 h4 29. a4 a5 30. Kb2 Kg6 31. Bc3 b6 32. Bd4 Kh5 33. Kc2 Kg6 34. Bc3 Kf7 35. Bd4 Kg6 36. Bc3 Kh5 37. Bd4 Kg4 38. Bf6 Bb4 39. Bc3 Bc5 40. Bf6 Kf5 41. Bc3 Kg6 42. Be5 Kf7 43. Bc3 Ke7 44. Be5 Kf7 45. Bc3 Ke7 46. Be5 Kd7 47. Bf6 Kd6 48. gxh4 gxh4 49. Bxh4 Bb4 50. Bg3+ Ke7 51. Bb5 Kf6 52. Bc6 Bf5 53. h4 Kg6 54. Be8+ Kf6 55. Bc6 Kg6 56. Be8+ Kf6 57. Bc6 1/2-1/2

[Event "Crunchlabs Play-In Match D1"]
[Site "chess.com INT"]
[Date "2024.07.18"]
[Round "1.2"]
[White "Fedoseev, Vl3"]
[Black "Matlakov, M."]
[Result "1/2-1/2"]
[WhiteElo "2687"]
[BlackElo "2651"]
[PlyCount "139"]
[EventDate "2024.07.18"]
[EventType "k.o."]

1. d4 d5 2. c4 e6 3. Nc3 Bb4 4. cxd5 exd5 5. Bf4 c5 6. Nf3 c4 7. g3 Nc6 8. Bg2 Nge7 9. O-O O-O 10. a3 ({RR} 10. h3 a6 11. g4 Bd6 12. Bxd6 Qxd6 13. Nh2 Rb8 14. Qd2 b5 15. Rad1 b4 16. Na4 Ng6 17. f4 f5 18. g5 h6 19. gxh6 gxh6 20. e3 Rb7 21. Nf3 Rg7 22. Kh2 Kh8 23. Rg1 Rfg8 24. Bh1 Qf6 {Arakhamia Grant,K (2385)-Semenova,L (2295) Moscow 1990 ½-½ (60)}) ({RR} 10. h3 a6 11. g4 Bd6 12. Bxd6 Qxd6 13. Nh2 Rb8 14. Qd2 b5 15. Rad1 b4 16. Na4 Ng6 17. f4 f5 18. g5 h6 19. gxh6 gxh6 20. e3 Rb7 21. Nf3 Rg7 22. Kh2 Kh8 23. Rg1 Rfg8 24. Bh1 Qf6 {Arakhamia Grant,K (2385)-Semenova,L (2295) Moscow 1990 ½-½ (60)}) 10... Bxc3 ({RR} 10... Ba5 11. e4 dxe4 12. Nxe4 Nd5 13. Bd2 Bb6 14. Bc3 Bf5 15. Re1 Re8 16. Nc5 Bxc5 17. dxc5 Nxc3 18. bxc3 Bd3 19. Rxe8+ Qxe8 20. Nd4 Qd7 21. Nxc6 bxc6 22. Qf3 Rc8 23. Re1 h6 24. h4 f5 25. Kh2 {Fuentes Godoy,L (2130)-Essing,A (2209) chess.com INT 2026 0-1 (74)}) ({RR} 10... Ba5 11. e4 dxe4 12. Nxe4 Nd5 13. Bd2 Bb6 14. Bc3 Bf5 15. Re1 Re8 16. Nc5 Bxc5 17. dxc5 Nxc3 18. bxc3 Bd3 19. Rxe8+ Qxe8 20. Nd4 Qd7 21. Nxc6 bxc6 22. Qf3 Rc8 23. Re1 h6 24. h4 f5 25. Kh2 {Fuentes Godoy,L (2130)-Essing,A (2209) chess.com INT 2026 0-1 (74)}) 11. bxc3 h6 $146 ({RR} 11... Re8 12. Ne5 f6 13. Nxc6 Nxc6 14. Qc2 {0-1 (14) Beremesenko,O-Vladichenko,A Ilichevsk 2008}) ({RR} 11... Re8 12. Ne5 f6 13. Nxc6 Nxc6 14. Qc2 {0-1 (14) Beremesenko,O-Vladichenko,A Ilichevsk 2008}) 12. a4 Bf5 13. Bc1 Re8 14. Nd2 Qd7 15. a5 Bh3 16. Re1 Bxg2 17. Kxg2 b5 18. axb6 axb6 19. Rb1 b5 20. Rxb5 Nxd4 21. Rb2 Nb5 22. Nxc4 Nxc3 23. Qd3 d4 24. e4 Rad8 25. Rb6 Nc8 26. Rb8 Ne7 27. Rxd8 Rxd8 28. Ba3 Ng6 29. Bd6 Nb5 30. Bb4 Qg4 31. Kh1 h5 32. Nd2 Qd7 33. Nf3 Qg4 34. e5 h4 35. e6 fxe6 36. Qe4 Qxe4 37. Rxe4 hxg3 38. hxg3 e5 39. Kg2 Rd5 40. Kf1 Kf7 41. Ke2 Kf6 42. Kd3 Nd6 43. Bxd6 Rxd6 44. Nd2 Rc6 45. Nc4 Kf5 46. f3 Ra6 47. f4 exf4 48. gxf4 Nxf4+ 49. Kxd4 Ra4 50. Ke3 Nd5+ 51. Kf3 Ra6 52. Rd4 Nf6 53. Ne3+ Kg6 54. Rd3 Ra4 55. Nd5 Nh7 56. Nf4+ Kf5 57. Rd5+ Kf6 58. Nh5+ Ke6 59. Rb5 g5 60. Rb6+ Ke5 61. Rb5+ Ke6 62. Rb6+ Kf7 63. Rh6 Nf8 64. Rf6+ Ke7 65. Rf5 Ne6 66. Kg3 Ra3+ 67. Kg4 Ra4+ 68. Kg3 Rh4 69. Rxg5 Nxg5 70. Kxh4 1/2-1/2

[Event "CrunchLab Masters Div 3 W"]
[Site "chess.com INT"]
[Date "2024.07.21"]
[Round "4.1"]
[White "Erigaisi, Arjun"]
[Black "Dubov, Daniil"]
[Result "0-1"]
[WhiteElo "2778"]
[BlackElo "2701"]
[PlyCount "136"]
[EventDate "2024.07.19"]
[EventType "k.o."]

1. Nf3 Nf6 2. c4 c5 3. Nc3 e6 4. e3 a6 5. d4 d5 6. cxd5 exd5 7. b3 Nc6 8. Bb2 Bg4 9. dxc5 Bxc5 10. Be2 O-O 11. O-O Re8 12. Rc1 ({RR} 12. h3 Bh5 13. Na4 ({RR} 13. Nh4 Bg6 14. Nxg6 hxg6 15. Bf3 Ne7 16. Rc1 Rc8 17. e4 dxe4 18. Nxe4 Nxe4 19. Bxe4 Qb6 20. Qf3 Rc7 21. Bxb7 Nf5 22. Be4 Nd4 23. Bxd4 Bxd4 24. Rxc7 Qxc7 25. Bxg6 Bxf2+ 26. Qxf2 fxg6 27. Re1 Rf8) ({RR} 13. Nh4 Bg6 14. Nxg6 hxg6 15. Bf3 Ne7 16. Rc1 Rc8 17. e4 dxe4 18. Nxe4 Nxe4 19. Bxe4 Qb6 20. Qf3 Rc7 21. Bxb7 Nf5 22. Be4 Nd4 23. Bxd4 Bxd4 24. Rxc7 Qxc7 25. Bxg6 Bxf2+ 26. Qxf2 fxg6 27. Re1 Rf8) 13... Ba7 14. Bxf6 Qxf6 15. Qxd5 Bg6 16. Rfd1 b5 17. Nc5 Nb4 18. Qb7 Bxc5 19. Rac1 Ra7 {0-1 (19) Muradli,M (2584)-Dubov,D (2684) chess.com INT 2025}) ({RR} 12. h3 Bh5 13. Na4 Ba7 14. Bxf6 Qxf6 15. Qxd5 Bg6 16. Rfd1 b5 17. Nc5 Nb4 18. Qb7 Bxc5 19. Rac1 Ra7 {0-1 (19) Muradli,M (2584)-Dubov,D (2684) chess.com INT 2025}) 12... Ba7 13. h3 Bh5 14. Nh4 Bg6 $146 ({RR} 14... Bxe2 15. Nxe2 Ne4 16. Nf5 Qg5 17. Nfd4 Rac8 18. Nf4 Nxd4 19. Rxc8 Rxc8 20. Bxd4 Bb8 21. Ne2 Rc6 22. f4 Qe7 23. Qa1 Rg6 24. Rc1 Qd7 25. Kh2 h5 26. Qb2 Qf5 27. b4 Qg5 28. Rc8+ Kh7 29. g3 {Vantika,A (2375)-Rakshitta,R (2321) Kolkata IND 2026 1-0 (39)}) ({RR} 14... Bxe2 15. Nxe2 Ne4 16. Nf5 Qg5 17. Nfd4 Rac8 18. Nf4 Nxd4 19. Rxc8 Rxc8 20. Bxd4 Bb8 21. Ne2 Rc6 22. f4 Qe7 23. Qa1 Rg6 24. Rc1 Qd7 25. Kh2 h5 26. Qb2 Qf5 27. b4 Qg5 28. Rc8+ Kh7 29. g3 {Vantika,A (2375)-Rakshitta,R (2321) Kolkata IND 2026 1-0 (39)}) 15. Nxg6 hxg6 16. Bf3 d4 17. exd4 Bxd4 18. Na4 Bxb2 19. Nxb2 Nd4 20. Nc4 Ra7 21. Ne3 b5 22. Bd5 Qb6 23. Rc3 Rd7 24. Rd3 Nxd5 25. Rxd4 Nxe3 26. fxe3 Rde7 27. Qf3 Qa7 28. Rf4 Rxe3 29. Qf2 f6 30. Rf3 Qd4 31. Rxe3 Rxe3 32. Kh2 g5 33. Qf5 Qd6+ 34. Kh1 Qe6 35. Qxe6+ Rxe6 36. Rf2 Kf7 37. Rc2 f5 38. Kg1 Rd6 39. Kf2 Kf6 40. a4 bxa4 41. bxa4 Ke5 42. Rc7 g6 43. Ke3 f4+ 44. Ke2 Kd4 45. Kd2 Ke4+ 46. Ke2 Rb6 47. Re7+ Kd5 48. Rg7 Kc4 49. Kf3 Rb3+ 50. Kf2 Rb6 51. a5 Rd6 52. Kf3 Rd3+ 53. Kf2 Ra3 54. Rxg6 Rxa5 55. Kf3 Ra3+ 56. Kf2 Ra5 57. Kf3 Kd4 58. Kg4 Ke3 59. Rb6 Ra2 60. Rb3+ Ke4 61. g3 Rg2 62. Rb4+ Ke5 63. Kxg5 Rxg3+ 64. Kh4 Rg6 65. Kh5 Rg8 66. Ra4 f3 67. Ra5+ Kf4 68. Rxa6 Rh8+ 0-1

[Event "CrunchLab Masters Div 3 W"]
[Site "chess.com INT"]
[Date "2024.07.21"]
[Round "4.3"]
[White "Erigaisi, Arjun"]
[Black "Dubov, Daniil"]
[Result "1/2-1/2"]
[WhiteElo "2778"]
[BlackElo "2701"]
[PlyCount "104"]
[EventDate "2024.07.19"]
[EventType "k.o."]

1. c4 Nf6 2. Nf3 c5 3. Nc3 e6 4. e3 a6 5. d4 d5 6. cxd5 exd5 7. b3 Nc6 8. Bb2 Bg4 9. dxc5 Bxc5 10. Be2 O-O 11. O-O Re8 ({RR} 11... Ba7 12. Rc1 Re8 13. h3 Bh5 14. Nh4 Bxe2 15. Nxe2 Ne4 16. Nf5 Qg5 17. Nfd4 Rac8 18. Nf4 Nxd4 19. Rxc8 Rxc8 20. Bxd4 Bb8 21. Ne2 Rc6 22. f4 Qe7 23. Qa1 Rg6 24. Rc1 Qd7 25. Kh2 h5 26. Qb2 {Vantika,A (2375)-Rakshitta,R (2321) Kolkata IND 2026 1-0 (39)}) ({RR} 11... Ba7 12. Rc1 Re8 13. h3 Bh5 14. Nh4 Bxe2 15. Nxe2 Ne4 16. Nf5 Qg5 17. Nfd4 Rac8 18. Nf4 Nxd4 19. Rxc8 Rxc8 20. Bxd4 Bb8 21. Ne2 Rc6 22. f4 Qe7 23. Qa1 Rg6 24. Rc1 Qd7 25. Kh2 h5 26. Qb2 {Vantika,A (2375)-Rakshitta,R (2321) Kolkata IND 2026 1-0 (39)}) 12. h3 Bh5 13. Nh4 $146 ({RR} 13. Na4 Ba7 14. Bxf6 Qxf6 15. Qxd5 Bg6 16. Rfd1 b5 17. Nc5 Nb4 18. Qb7 Bxc5 19. Rac1 Ra7 {0-1 (19) Muradli,M (2584)-Dubov,D (2684) chess.com INT 2025}) ({RR} 13. Na4 Ba7 14. Bxf6 Qxf6 15. Qxd5 Bg6 16. Rfd1 b5 17. Nc5 Nb4 18. Qb7 Bxc5 19. Rac1 Ra7 {0-1 (19) Muradli,M (2584)-Dubov,D (2684) chess.com INT 2025}) 13... Bg6 14. Nxg6 hxg6 15. Bf3 Ne7 16. Rc1 Rc8 17. e4 dxe4 18. Nxe4 Nxe4 19. Bxe4 Qb6 20. Qf3 Rc7 21. Bxb7 Nf5 22. Be4 Nd4 23. Bxd4 Bxd4 24. Rxc7 Qxc7 25. Bxg6 Bxf2+ 26. Qxf2 fxg6 27. Re1 Rf8 28. Qd4 Rf4 29. Re8+ Kh7 30. Qd8 Qc5+ 31. Kh2 g5 32. Qd3+ Rf5 33. Re1 g6 34. Qd7+ Kh6 35. Re7 g4 36. Qd2+ Rg5 37. h4 g3+ 38. Kh1 Qxe7 39. Qxg5+ Qxg5 40. hxg5+ Kxg5 41. Kg1 Kf4 42. b4 Ke3 43. a4 Kd4 44. Kf1 Kc4 45. b5 axb5 46. axb5 Kxb5 47. Ke2 Kc6 48. Kf3 Kd6 49. Kxg3 Ke6 50. Kg4 Kf6 51. Kf4 g5+ 52. Kg4 Kg6 1/2-1/2

[Event "Titled Tue 2nd Jul Late"]
[Site "chess.com INT"]
[Date "2024.07.02"]
[Round "10"]
[White "Indjic, A."]
[Black "Ragger, M."]
[Result "0-1"]
[WhiteElo "2610"]
[BlackElo "2603"]
[PlyCount "130"]
[EventDate "2024.07.02"]

1. Nf3 Nf6 2. c4 c5 3. Nc3 e6 4. e3 Nc6 5. d4 d5 6. cxd5 exd5 7. Bb5 cxd4 8. Nxd4 Bd7 9. O-O Bd6 10. Nf3 Bg4 11. h3 Bh5 12. Be2 ({RR} 12. b3 O-O 13. Bb2 Bc7 14. Be2 a6 15. Nd4 Bg6 16. Nxc6 bxc6 17. Rc1 Qd6 18. g3 Rfe8 19. Qd2 Bf5 20. Kg2 h5 21. Bf3 h4 22. Ne2 hxg3 23. Nxg3 Ne4 24. Qd4 Bxh3+ 25. Kxh3 Nxf2+ {0-1 (25) Badelka,O (2392)-Laohawirapap,P (2398) Hong Kong HKG 2026}) ({RR} 12. b3 O-O 13. Bb2 Bc7 14. Be2 a6 15. Nd4 Bg6 16. Nxc6 bxc6 17. Rc1 Qd6 18. g3 Rfe8 19. Qd2 Bf5 20. Kg2 h5 21. Bf3 h4 22. Ne2 hxg3 23. Nxg3 Ne4 24. Qd4 Bxh3+ 25. Kxh3 Nxf2+ {0-1 (25) Badelka,O (2392)-Laohawirapap,P (2398) Hong Kong HKG 2026}) 12... O-O 13. Nh4 ({RR} 13. b3 Qa5 14. Bb2 Rad8 15. Nd4 Nxd4 16. Bxh5 Nc6 17. Be2 Be5 18. Rc1 Ne4 19. Qe1 Bxc3 20. Bxc3 Qxa2 21. Bb5 Nxc3 22. Qxc3 d4 23. exd4 Nxd4 24. Bc4 b5 {0-1 (24) Vitiugov,N (2727)-Grischuk,A (2766) Riga 2019}) ({RR} 13. b3 Qa5 14. Bb2 Rad8 15. Nd4 Nxd4 16. Bxh5 Nc6 17. Be2 Be5 18. Rc1 Ne4 19. Qe1 Bxc3 20. Bxc3 Qxa2 21. Bb5 Nxc3 22. Qxc3 d4 23. exd4 Nxd4 24. Bc4 b5 {0-1 (24) Vitiugov,N (2727)-Grischuk,A (2766) Riga 2019}) 13... Bg6 $146 ({RR} 13... Bxe2 14. Nxe2 Re8 15. Nf3 Ne4 16. b3 Qf6 17. Ned4 Ne5 18. Bb2 Nxf3+ 19. Qxf3 Qe5 20. Rfd1 Qh2+ 21. Kf1 Rac8 22. Ke2 Be5 23. Rac1 Rxc1 24. Rxc1 g6 25. Rc2 h5 26. Rc1 Rd8 27. g4 h4 28. a4 {Gustafsson,J (2638)-Poh,Y (2340) Chiang Mai THA 2022 0-1 (52)}) ({RR} 13... Bxe2 14. Nxe2 Re8 15. Nf3 Ne4 16. b3 Qf6 17. Ned4 Ne5 18. Bb2 Nxf3+ 19. Qxf3 Qe5 20. Rfd1 Qh2+ 21. Kf1 Rac8 22. Ke2 Be5 23. Rac1 Rxc1 24. Rxc1 g6 25. Rc2 h5 26. Rc1 Rd8 27. g4 h4 28. a4 {Gustafsson,J (2638)-Poh,Y (2340) Chiang Mai THA 2022 0-1 (52)}) 14. Nxg6 hxg6 15. Bf3 Qe7 16. Nxd5 Nxd5 17. Bxd5 Rad8 18. Qf3 Ne5 19. Qe4 Bb8 20. f4 Qd6 21. Bb3 Nd3 22. Bd2 Nc5 23. Qc4 Nxb3 24. Bb4 Nd2 25. Bxd6 Nxc4 26. Bxf8 Kxf8 27. Rfd1 Bd6 28. Kf2 Ke7 29. b3 Na5 30. Rac1 Nc6 31. Kf3 f5 32. g4 Rh8 33. Rh1 Ke6 34. h4 Be7 35. h5 fxg4+ 36. Kxg4 gxh5+ 37. Kf3 g5 38. Ke4 gxf4 39. exf4 h4 40. Rcg1 Bf6 41. Rd1 Re8 42. Rde1 Kf7+ 43. Kd3 Rd8+ 44. Ke3 Nb4 45. Rd1 Re8+ 46. Kf3 Nxa2 47. Rd7+ Re7 48. Rxe7+ Kxe7 49. Re1+ Kf7 50. Rd1 Ke6 51. Re1+ Kf5 52. Rd1 Nb4 53. Rd7 Nc6 54. Rxb7 Nd4+ 55. Ke3 h3 56. Rxa7 Kg4 57. Rh7 Nf5+ 58. Kf2 Bh4+ 59. Kg1 Kxf4 60. b4 Kg3 61. b5 h2+ 62. Kh1 Kh3 63. Rxh4+ Nxh4 64. b6 Nf5 65. b7 Ng3# 0-1

[Event "CrunchLab Masters Div 1 W"]
[Site "chess.com INT"]
[Date "2024.07.20"]
[Round "2.4"]
[White "Duda, J."]
[Black "Firouzja, Alireza"]
[Result "1/2-1/2"]
[WhiteElo "2733"]
[BlackElo "2744"]
[PlyCount "107"]
[EventDate "2024.07.19"]
[EventType "k.o."]

1. c4 e6 2. Nc3 d5 3. d4 c5 4. cxd5 exd5 5. Nf3 Nc6 6. g3 Nf6 7. Bg2 cxd4 8. Nxd4 Bc5 9. Nb3 Bb6 10. O-O d4 11. Na4 O-O 12. Bg5 h6 13. Bxf6 Qxf6 14. Rc1 Re8 15. Nac5 ({RR} 15. h3 Bf5 16. Nbc5 Bxc5 17. Nxc5 b6 18. Nd3 Be4 19. Bxe4 Rxe4 20. Qc2 Re6 21. Nf4 Rd6 22. Qe4 Rad8 23. Rfd1 g5 24. Nd3 Re6 25. Qg4 Ne5 26. Nxe5 Qxe5 27. Rc2 Qf6 28. h4 Rde8 29. hxg5 hxg5 {Nakamura,H (2794)-Firouzja,A (2737) Stavanger NOR 2024 ½-½ (32)}) ({RR} 15. h3 Bf5 16. Nbc5 Bxc5 17. Nxc5 b6 18. Nd3 Be4 19. Bxe4 Rxe4 20. Qc2 Re6 21. Nf4 Rd6 22. Qe4 Rad8 23. Rfd1 g5 24. Nd3 Re6 25. Qg4 Ne5 26. Nxe5 Qxe5 27. Rc2 Qf6 28. h4 Rde8 29. hxg5 hxg5 {Nakamura,H (2794)-Firouzja,A (2737) Stavanger NOR 2024 ½-½ (32)}) 15... h5 ({RR} 15... Bg4 16. Re1 d3 17. Qxd3 Qxb2 18. Nxb7 Ne5 19. Qc3 Qxc3 20. Rxc3 Rac8 21. Rxc8 Rxc8 22. Rc1 Rxc1+ 23. Nxc1 Nc4 24. Bd5 Ne3 25. Bb3 Be6 26. Bxe6 fxe6 27. fxe3 Bxe3+ 28. Kg2 Bxc1 29. Nd8 a5 30. Kf3 {Sanchez Negreiros,J (2349)-Garmendia Vega,G (2109) Oaxtepec MEX 2026 1-0 (52)}) ({RR} 15... Bg4 16. Re1 d3 17. Qxd3 Qxb2 18. Nxb7 Ne5 19. Qc3 Qxc3 20. Rxc3 Rac8 21. Rxc8 Rxc8 22. Rc1 Rxc1+ 23. Nxc1 Nc4 24. Bd5 Ne3 25. Bb3 Be6 26. Bxe6 fxe6 27. fxe3 Bxe3+ 28. Kg2 Bxc1 29. Nd8 a5 30. Kf3 {Sanchez Negreiros,J (2349)-Garmendia Vega,G (2109) Oaxtepec MEX 2026 1-0 (52)}) 16. h3 $146 ({RR} 16. Re1 h4 17. Qd2 Re5 18. e3 h3 19. Bh1 Bg4 20. exd4 Rxe1+ 21. Rxe1 Nxd4 22. Qxd4 Qxd4 23. Nxd4 Bxc5 24. Nb3 Bb6 25. Bxb7 Rd8 26. Kf1 a5 27. Bc6 Rd6 28. Rc1 Rf6 29. Rc2 Bd1 30. Rc3 Rxf2+ {Gerhold,M (2182)-Givon,A (2434) Mayrhofen 2022 0-1 (34)}) ({RR} 16. Re1 h4 17. Qd2 Re5 18. e3 h3 19. Bh1 Bg4 20. exd4 Rxe1+ 21. Rxe1 Nxd4 22. Qxd4 Qxd4 23. Nxd4 Bxc5 24. Nb3 Bb6 25. Bxb7 Rd8 26. Kf1 a5 27. Bc6 Rd6 28. Rc1 Rf6 29. Rc2 Bd1 30. Rc3 Rxf2+ {Gerhold,M (2182)-Givon,A (2434) Mayrhofen 2022 0-1 (34)}) 16... h4 17. g4 Qe5 18. Qd2 a5 19. Nd3 Qd6 20. Nbc5 a4 21. Rc4 Ba5 22. Qc2 Bc7 23. f4 Qe7 24. Rxa4 Qe3+ 25. Rf2 Rxa4 26. Qxa4 Bxf4 27. Nxf4 Qc1+ 28. Rf1 Qxc5 29. Kh1 Qd6 30. Qc4 Ne5 31. Qb3 Bd7 32. Qd5 Qxd5 33. Bxd5 Bc6 34. Kg1 Bxd5 35. Nxd5 Nc4 36. Kf2 Nxb2 37. Rb1 Na4 38. Rxb7 Nc3 39. Ne7+ Kf8 40. Nf5 Rxe2+ 41. Kf3 g6 42. Nd6 Re3+ 43. Kg2 Re7 44. Rb8+ Kg7 45. Ne8+ Kh6 46. Nf6 Kg5 47. Nh7+ Kf4 48. Rd8 Re2+ 49. Kf1 Rd2 50. Ke1 Rd1+ 51. Kf2 Rd2+ 52. Ke1 Rd1+ 53. Kf2 Rd2+ 54. Ke1 1/2-1/2

[Event "CrunchLab Masters Div 1 L"]
[Site "chess.com INT"]
[Date "2024.07.22"]
[Round "4.2"]
[White "Nepomniachtchi, I."]
[Black "Firouzja, Alireza"]
[Result "1/2-1/2"]
[WhiteElo "2770"]
[BlackElo "2744"]
[PlyCount "152"]
[EventDate "2024.07.20"]
[EventType "k.o."]

1. d4 d5 2. c4 e6 3. Nc3 c5 4. cxd5 exd5 5. Nf3 Nc6 6. g3 Nf6 7. Bg2 cxd4 8. Nxd4 Bc5 9. Nb3 Bb6 10. Nxd5 Be6 11. Nxb6 Qxd1+ 12. Kxd1 axb6 13. Kc2 ({RR} 13. Nd2 Ng4 14. Bxc6+ bxc6 15. Ke1 Rxa2 16. Rxa2 Bxa2 17. h3 Nf6 18. e4 Be6 19. Ke2 Nd7 20. f4 f5 21. Re1 fxe4 22. Nxe4 Bxh3 23. Ng5 O-O 24. Nxh3 Re8+ 25. Kf2 Rxe1 26. Kxe1 h6 27. Be3 Kf7 {Yang,D (2163)-Punin,A (2289) chess.com INT 2026 ½-½ (66)}) ({RR} 13. Nd2 Ng4 14. Bxc6+ bxc6 15. Ke1 Rxa2 16. Rxa2 Bxa2 17. h3 Nf6 18. e4 Be6 19. Ke2 Nd7 20. f4 f5 21. Re1 fxe4 22. Nxe4 Bxh3 23. Ng5 O-O 24. Nxh3 Re8+ 25. Kf2 Rxe1 26. Kxe1 h6 27. Be3 Kf7 {Yang,D (2163)-Punin,A (2289) chess.com INT 2026 ½-½ (66)}) 13... Nb4+ ({RR} 13... O-O 14. Bxc6 bxc6 15. f3 Bf5+ 16. Kd2 Rfd8+ 17. Ke3 Be6 18. Nd4 Bc4 19. b3 c5 20. bxc4 Rxd4 21. Rb1 Rxc4 22. Rd1 Rc2 23. Kf2 h5 24. a3 Re8 25. Rd2 Rxd2 26. Bxd2 Nd7 27. Bf4 Ra8 28. Rd1 {Nepomniachtchi,I (2755)-So,W (2747) New York USA 2024 1-0 (42)}) ({RR} 13... O-O 14. Bxc6 bxc6 15. f3 Bf5+ 16. Kd2 Rfd8+ 17. Ke3 Be6 18. Nd4 Bc4 19. b3 c5 20. bxc4 Rxd4 21. Rb1 Rxc4 22. Rd1 Rc2 23. Kf2 h5 24. a3 Re8 25. Rd2 Rxd2 26. Bxd2 Nd7 27. Bf4 Ra8 28. Rd1 {Nepomniachtchi,I (2755)-So,W (2747) New York USA 2024 1-0 (42)}) 14. Kb1 $146 ({RR} 14. Kc3 Nxa2+ 15. Rxa2 Rxa2 16. Be3 O-O 17. Bxb7 Rb8 18. Bf3 Rc8+ {0-1 (18) Medancic,R (2163)-Balla,T (2283) chess.com INT 2024}) ({RR} 14. Kc3 Nxa2+ 15. Rxa2 Rxa2 16. Be3 O-O 17. Bxb7 Rb8 18. Bf3 Rc8+ {0-1 (18) Medancic,R (2163)-Balla,T (2283) chess.com INT 2024}) 14... O-O 15. Nd4 Bxa2+ 16. Rxa2 Nxa2 17. Bd2 Rfd8 18. e3 Nd5 19. Rd1 Ndb4 20. Bxb7 Ra7 21. Bf3 Rc7 22. Be2 h6 23. h4 Rc5 24. g4 Ra8 25. Bf3 Ra7 26. Nb3 Rc8 27. Be1 Nc2 28. Bd2 Ncb4 29. Be4 Rc4 30. Nd4 Rc8 31. h5 Rd8 32. b3 Re8 33. f3 Rxe4 34. fxe4 Nd3 35. e5 Nf2 36. Re1 Ne4 37. Kc2 Rc7+ 38. Kd3 Nf2+ 39. Ke2 Nxg4 40. e6 fxe6 41. Nxe6 Nc3+ 42. Kf3 Ne5+ 43. Kg3 Re7 44. Bxc3 Rxe6 45. Rd1 Nf7 46. Kf4 g5+ 47. hxg6 Rxg6 48. e4 Kf8 49. Rd7 Ke8 50. Rb7 h5 51. e5 Rg4+ 52. Kf5 Nh6+ 53. Ke6 Rg6+ 54. Kd5 Nf5 55. Bb4 Ne3+ 56. Ke4 Rg4+ 57. Kxe3 Rxb4 58. Rh7 h4 59. Kd3 Kf8 60. Kc3 Re4 61. Rh5 Ke7 62. Kd3 Rb4 63. Kc3 Re4 64. b4 Ke6 65. Rh6+ Kxe5 66. Rxb6 Kf4 67. Rh6 Kg3 68. b5 h3 69. b6 h2 70. b7 Re8 71. Rg6+ Kh3 72. Rh6+ Kg2 73. Rg6+ Kf2 74. Rh6 Kg2 75. Rg6+ Kf2 76. Rh6 Kg2 1/2-1/2

[Event "Bundesliga 2024-25"]
[Site "Munich GER"]
[Date "2024.10.05"]
[Round "1.8"]
[White "Bluebaum, M."]
[Black "Narayanan, SL."]
[Result "1/2-1/2"]
[WhiteElo "2640"]
[BlackElo "2640"]
[PlyCount "47"]
[EventDate "2024.10.05"]
[EventType "team"]
[WhiteTeam "Schachfreunde Deizisau"]
[BlackTeam "SV Deggendorf"]

1. Nf3 Nf6 2. c4 c5 3. Nc3 Nc6 4. e3 e6 5. d4 d5 6. cxd5 exd5 7. Bb5 cxd4 8. Nxd4 Bd7 9. O-O Bd6 10. Nf3 a6 11. Bxc6 Bxc6 12. b3 O-O 13. Bb2 Re8 ({RR} 13... Qe7 14. Rc1 Rfe8 15. Qd4 Rad8 16. Rfd1 h6 17. h3 Qf8 18. Qd3 Bb8 19. Qf5 Bd7 20. Qd3 Be6 21. Nb1 Qe7 22. Qd4 Qd7 23. Qh4 Ne4 24. Nc3 Nxc3 25. Bxc3 f6 26. Ba5 Rc8 27. Nd4 Rxc1 28. Rxc1 {Beerdsen,T (2525)-Finek,V (2538) Prague CZE 2026 0-1 (56)}) ({RR} 13... Qe7 14. Rc1 Rfe8 15. Qd4 Rad8 16. Rfd1 h6 17. h3 Qf8 18. Qd3 Bb8 19. Qf5 Bd7 20. Qd3 Be6 21. Nb1 Qe7 22. Qd4 Qd7 23. Qh4 Ne4 24. Nc3 Nxc3 25. Bxc3 f6 26. Ba5 Rc8 27. Nd4 Rxc1 28. Rxc1 {Beerdsen,T (2525)-Finek,V (2538) Prague CZE 2026 0-1 (56)}) 14. Qd4 Qe7 15. Rfd1 Rad8 16. Ne2 $146 ({RR} 16. Rac1 Qf8 17. Qh4 Ne4 18. Nd4 Nxc3 19. Bxc3 Bd7 20. Nf3 Bf5 21. Ba5 Rd7 22. Nd4 Re4 23. f4 Bg6 24. Qh3 f5 25. Bb6 Ba3 26. Rc2 Qd6 27. Rc8+ Kf7 28. Ba7 Qe7 29. Nf3 h6 30. Ne5+ Rxe5 {Ratkovic,M (2498)-Kovacevic,A (2471) Vrnjacka Banja 2022 1-0 (46)}) ({RR} 16. Rac1 Qf8 17. Qh4 Ne4 18. Nd4 Nxc3 19. Bxc3 Bd7 20. Nf3 Bf5 21. Ba5 Rd7 22. Nd4 Re4 23. f4 Bg6 24. Qh3 f5 25. Bb6 Ba3 26. Rc2 Qd6 27. Rc8+ Kf7 28. Ba7 Qe7 29. Nf3 h6 30. Ne5+ Rxe5 {Ratkovic,M (2498)-Kovacevic,A (2471) Vrnjacka Banja 2022 1-0 (46)}) 16... Bc5 17. Qf4 Ne4 18. Ng3 Nxg3 19. Qxg3 f6 20. Nd4 Bd7 21. Ne2 Bb5 22. Nd4 Bd7 23. Ne2 Bb5 24. Nd4 1/2-1/2